[Event "Skopje op-B"]
[Site "Skopje"]
[Date "2023.12.11"]
[Round "8"]
[White "Gunesli, Eymen Giray"]
[Black "Gjorgjevski, Mosha"]
[Result "0-1"]
[WhiteElo "1306"]
[BlackElo "1608"]
[PlyCount "42"]
[EventDate "2023.12.06"]
[EventType "swiss"]
[EventRounds "9"]
[EventCountry "MKD"]
[SourceTitle "CBM 217 Extra"]
[Source "ChessBase"]
[SourceDate "2024.01.31"]
[SourceVersion "1"]
[SourceVersionDate "2024.01.31"]
[SourceQuality "1"]

1. e4 d5 2. exd5 Qxd5 3. Nc3 Qd6 4. d4 a6 5. a4 g6 6. h3 Bg7 7. Nf3 e6 8. Bd3 c6 9. Ne4 Qd8 10. b3 f5 11. Ned2 Bxd4 12. Nxd4 Qxd4 13. Rb1 Nf6 14. Bb2 Qd8 15. g4 b5 16. g5 Nbd7 17. gxf6 Nxf6 18. Qe2 0-0 19. Nf3 Bd7 20. Bc1 Qa5+ 21. Kf1 Rae8 0-1

[Event "Skopje op-B"]
[Site "Skopje"]
[Date "2023.12.10"]
[Round "7"]
[White "Veleva, Ilijana"]
[Black "Gjorgjevski, Mosha"]
[Result "0-1"]
[WhiteElo "1162"]
[BlackElo "1608"]
[PlyCount "144"]
[EventDate "2023.12.06"]
[EventType "swiss"]
[EventRounds "9"]
[EventCountry "MKD"]
[SourceTitle "CBM 217 Extra"]
[Source "ChessBase"]
[SourceDate "2024.01.31"]
[SourceVersion "1"]
[SourceVersionDate "2024.01.31"]
[SourceQuality "1"]

1. e4 c6 2. d4 d5 3. e5 Bf5 4. Nf3 h6 5. c4 e6 6. Nc3 Nd7 7. Qb3 Qb6 8. c5 Qxb3 9. axb3 a6 10. Na4 Be7 11. Be2 Bd8 12. Nc3 f6 13. Bf4 g5 14. Bg3 Bc7 15. exf6 Bxg3 16. hxg3 g4 17. Ne5 Ngxf6 18. Nd3 Kf7 19. Nd1 Rae8 20. Kd2 Bxd3 21. Bxd3 e5 22. dxe5 Rxe5 23. b4 h5 24. Ne3 Ne4+ 25. Bxe4 Rxe4 26. Ra4 Nxc5 27. f3 Rd4+ 28. Kc3 Rd3+ 29. Kc2 Rxe3 30. bxc5 gxf3 31. Rf4+ Ke6 32. gxf3 Rg8 33. Rg1 Re5 34. b4 Reg5 35. Re1+ Re5 36. Rg1 Rf5 37. Rxf5 Kxf5 38. Kd3 h4 39. g4+ Kf4 40. Ke2 Re8+ 41. Kf2 Re3 42. g5 Rxf3+ 43. Ke2 Re3+ 44. Kf2 Re8 45. g6 Rg8 46. Ke2 Kf5 47. g7 Kf6 48. Rg4 Rxg7 49. Rxh4 Ke5 50. Rh5+ Kd4 51. Rh3 Kc4 52. Rh4+ Kb5 53. Rd4 Rg8 54. Rf4 Rg3 55. Rf7 Kxb4 56. Rxb7+ Kxc5 57. Ra7 Kc4 58. Rxa6 c5 59. Ra2 d4 60. Rc2+ Kd5 61. Kd2 Rb3 62. Ra2 Rh3 63. Ra5 Kc4 64. Ra4+ Kb5 65. Ra8 Kb4 66. Kc2 Rc3+ 67. Kb2 Kc4 68. Ra4+ Kd3 69. Ra1 Kd2 70. Ra2 Rc2+ 71. Kb1 Rxa2 72. Kxa2 Kc2 0-1

[Event "Skopje op-B"]
[Site "Skopje"]
[Date "2023.12.08"]
[Round "3"]
[White "Burns, Elisaveta"]
[Black "Gjorgjevski, Mosha"]
[Result "1/2-1/2"]
[WhiteElo "1205"]
[BlackElo "1608"]
[PlyCount "156"]
[EventDate "2023.12.06"]
[EventType "swiss"]
[EventRounds "9"]
[EventCountry "MKD"]
[SourceTitle "CBM 217 Extra"]
[Source "ChessBase"]
[SourceDate "2024.01.31"]
[SourceVersion "1"]
[SourceVersionDate "2024.01.31"]
[SourceQuality "1"]

1. e4 e5 2. Nf3 Nc6 3. Bc4 Bc5 4. 0-0 d6 5. d3 Nf6 6. Be3 Bb6 7. Ng5 0-0 8. Bxb6 axb6 9. f4 h6 10. Nxf7 Rxf7 11. Bxf7+ Kxf7 12. fxe5 dxe5 13. Qh5+ Kg8 14. Qg6 Be6 15. c4 Bf7 16. Qg3 Kh8 17. Nc3 Bg8 18. Nd5 Nd4 19. Qxe5 Bxd5 20. cxd5 Nc2 21. Rac1 Nb4 22. Rf3 Nd7 23. Qg3 Qg5 24. Qxg5 hxg5 25. a3 g4 26. Rg3 Na6 27. Rxg4 Ne5 28. Rg3 Rf8 29. Rf1 Rxf1+ 30. Kxf1 Kg8 31. Ke2 Nd7 32. d4 c5 33. dxc5 bxc5 34. b4 b6 35. bxc5 Naxc5 36. Kd1 Nf6 37. Kc1 Nfxe4 38. Rg6 Nf6 39. Kb2 Kf7 40. Rg5 Nfe4 41. Rf5+ Ke7 42. g4 g6 43. Rf3 Kd6 44. Rf8 Nd7 45. Ra8 Ndc5 46. h4 Kxd5 47. h5 gxh5 48. gxh5 Kd4 49. h6 Nf6 50. Rf8 Ncd7 51. Rf7 Kc4 52. h7 Nxh7 53. Rxd7 Nf6 54. Rc7+ Kd5 55. Kb3 Kd6 56. Rc1 Nd5 57. Ka4 Nc7 58. Kb4 Kd7 59. a4 Kd6 60. Rc4 Kd7 61. Kc3 Kd6 62. Kd3 Na6 63. Ke4 Nc5+ 64. Kf5 Kd5 65. Rb4 Kc6 66. Kf6 Na6 67. Rh4 Nc5 68. Ke7 Kc7 69. Rg4 Nb7 70. Rc4+ Nc5 71. a5 Kb7 72. Kd6 Na6 73. axb6 Kxb6 74. Rc2 Kb5 75. Ke5 Nb4 76. Rc3 Na2 77. Rb3+ Kc4 78. Rb8 Nc3 1/2-1/2